LIBRARY & INFORMATION CENTRE, KCAET, TAVANUR

ONLINE PUBLIC ACCESS CATALOGUE (OPAC)

Fundamentals of agricultural engineering (Record no. 13942)

MARC details
000 -LEADER
fixed length control field 00332nam a22001337a 4500
020 ## - INTERNATIONAL STANDARD BOOK NUMBER
ISBN 9789327221688
082 ## - DEWEY DECIMAL CLASSIFICATION NUMBER
Classification number 631.1
Item number SAN/FU
100 ## - MAIN ENTRY--AUTHOR NAME
Personal name Sanjay Kumar
245 ## - TITLE STATEMENT
Title Fundamentals of agricultural engineering
260 ## - PUBLICATION, DISTRIBUTION, ETC. (IMPRINT)
Place of publication Ludhiana
Name of publisher Kalyani publishers
Year of publication 2012
700 ## - ADDED ENTRY--PERSONAL NAME
Personal name Vishal Kumar
700 ## - ADDED ENTRY--PERSONAL NAME
Personal name Sahu, Ram Kumar
942 ## - ADDED ENTRY ELEMENTS (KOHA)
Koha item type Books
Holdings
Withdrawn status Lost status Damaged status Collection code Home library Current library Shelving location Date acquired Source of acquisition Cost, normal purchase price Full call number Accession Number Koha item type
      Non-fiction KAUAET KAUAET General Stacks 30/03/2013 Minerva Books 350.00 631.1 SAN/FU 23787 Books
      Non-fiction KAUAET KAUAET Scheme 03/06/2019   395.00 631.1 SAN/FU BB 529 Books
      Non-fiction KAUAET KAUAET Scheme 03/06/2019   395.00 631.1 SAN/FU BB 530 Books
free website counter